000 004110000a22001810004500
003 LK-CoMWRAF
008 230817t ||||| |||| 00| 0 eng d
040 _aLK-CoMWRAF
_dLK-CoMWRAF
_eLK-CoMWRAF
041 _aeng
082 _a024
_bILA
100 _aIlankeeran
245 _aVerum Kanavalla
_b
260 _aKandy
_bThamil Manram
300 _ap.84
490 _a66th
650 _aLiterature
942 _cBK
999 _c2731
_d2731